Capital City by Clue - Statistics

General Stats
  • This quiz has been taken 50 times
    31 since last reset
  • The average score is 13 of 15
Answer Stats
Clue Capital City % Correct
City of Love, Croissants, Eiffel Tower Paris
96%
Forbidden City, Great Wall, Pollution Beijing
93%
Tango, Boca Juniors, Street Art Buenos Aires
93%
Giza, River Nile, Sphinx Cairo
93%
Big Ben, Arsenal F.C, Queen Victoria London
93%
Tenochtitlan, Estadio Azteca, Tacos Mexico City
93%
Kremlin, CSKA, Red Square Moscow
93%
Colosseum, Romulus and Remus, Pizza Rome
93%
Tsukiji Fish Markets, Skytree, Disneyland Tokyo
93%
Chocolate, United Nations, Waffles Brussels
89%
Capitol Hill, Redskins, George Washington D.C
89%
Cachaça, Football, Coffee Brasilia
85%
Tivoli Gardens, The Little Mermaid, Ice Cream Copenhagen
78%
Table Mountain, Robben Island, Vuvuzelas Cape Town
74%
Oil, Edge of the World, Islam Riyadh
63%
No matching quizzes found
Score Distribution
Percent of People with Each Score
Percentile by Number Answered
Your Score History
You have not taken this quiz since the last reset